[Event "España tch DH-2 2009"]
[Site "Lugo"]
[Date "2009.09.24"]
[Round "5.34"]
[White "Andres Gonzalez, Ivan"]
[Black "Safarli, Eltaj"]
[Result "1/2-1/2"]
[WhiteElo "2361"]
[BlackElo "2587"]
[PlyCount "66"]
[EventDate "2009.09.20"]
[EventType "team"]
[EventRounds "5"]
[EventCountry "ESP"]
[Source "lmi"]
[SourceDate "2009.09.20"]
[WhiteTeam "Universidad de Oviedo"]
[BlackTeam "Merida Patrimonio-Ajoblanco"]
[WhiteTeamCountry "ESP"]
[BlackTeamCountry "ESP"]

1. Nf3 Nf6 2. c4 c5 3. Nc3 e6 4. g3 d5 5. cxd5 Nxd5 6. Bg2 Nc6 7. O-O Be7 8. d4
O-O 9. Nxd5 exd5 10. dxc5 Bxc5 11. a3 Be7 12. b4 Bf6 13. Ra2 Bf5 14. Rd2 Be4
15. Qb3 Qb6 16. Ne1 Rac8 17. Bxe4 dxe4 18. Ng2 Ne5 19. Qb1 Rfe8 20. Ne3 Bg5 21.
Rc2 Rcd8 22. Rc5 Qg6 23. Nc4 Nxc4 24. Rxc4 Bf6 25. Be3 h5 26. Rd1 Rxd1+ 27.
Qxd1 h4 28. Qc2 Qg4 29. Kg2 h3+ 30. Kf1 Rd8 31. f3 Qd7 32. Rxe4 Rc8 33. Rc4 Re8
1/2-1/2

[Event "España tch DH-2 2009"]
[Site "Lugo"]
[Date "2009.09.24"]
[Round "5.35"]
[White "Fernandez Romero, Ernesto"]
[Black "Recuero Guerra, Javier"]
[Result "1-0"]
[WhiteElo "2457"]
[BlackElo "2326"]
[PlyCount "123"]
[EventDate "2009.09.20"]
[EventType "team"]
[EventRounds "5"]
[EventCountry "ESP"]
[Source "lmi"]
[SourceDate "2009.09.20"]
[WhiteTeam "Merida Patrimonio-Ajoblanco"]
[BlackTeam "Universidad de Oviedo"]
[WhiteTeamCountry "ESP"]
[BlackTeamCountry "ESP"]

1. e4 d6 2. Nc3 e5 3. Bc4 Nf6 4. d3 c6 5. Bb3 Na6 6. a3 Nc5 7. Ba2 Be6 8. Nf3
Be7 9. O-O O-O 10. Bxe6 fxe6 11. b4 Na6 12. Qe2 Qe8 13. d4 Qh5 14. dxe5 Ng4 15.
h3 Nxe5 16. Nxe5 Qxe5 17. Bb2 Qg5 18. Rae1 e5 19. Nd1 Qf4 20. Qg4 Qxg4 21. hxg4
Nc7 22. Ne3 g6 23. Rd1 Kf7 24. g3 Ke6 25. Kg2 Rad8 26. Nc4 b6 27. f4 Bf6 28.
fxe5 dxe5 29. Rxf6+ Kxf6 30. Rxd8 Rxd8 31. Bxe5+ Ke6 32. Bxc7 Rd4 33. Ne3 Rxe4
34. Bf4 a5 35. c3 axb4 36. axb4 Kd7 37. Kf3 Re8 38. Nc4 b5 39. Nd6 Ra8 40. Ne4
Ra3 41. Ke3 Ke6 42. g5 Kd5 43. Kd3 Ra7 44. Nf6+ Ke6 45. Ng4 Kd5 46. Ne3+ Ke6
47. Ke4 Ra3 48. Kd4 Rb3 49. Ng4 c5+ 50. bxc5 b4 51. cxb4 Rxb4+ 52. Kc3 Ra4 53.
c6 Ra6 54. c7 Rc6+ 55. Kd4 Kf5 56. Ne3+ Ke6 57. Nc4 h6 58. gxh6 g5 59. Be5 Kd7
60. h7 Rh6 61. h8=R Rxh8 62. Bxh8 1-0